[Event "22.Deutsche Senioreneinzelmeisterschaft"]
[Site "Berlin-Spandau"]
[Date "2010.08.18"]
[Round "3.26"]
[White "Bogorad, Michail"]
[Black "Schwertel, Johann"]
[Result "1-0"]
[WhiteElo "2118"]
[BlackElo "1903"]
[PlyCount "59"]
[EventDate "2010.08.??"]
[EventType "swiss"]
[EventRounds "9"]
[EventCountry "GER"]

1. e4 d5 2. exd5 Qxd5 3. Nc3 Qd6 4. d4 c6 5. Ne4 Qe6 6. Qe2 Nf6 7. f3 Nbd7 8.
c4 Nb6 9. Nh3 Nxe4 10. fxe4 Qg4 11. Nf2 Qxe2+ 12. Bxe2 e6 13. O-O Be7 14. c5
Nd7 15. e5 f5 16. Bc4 Nf8 17. a4 b6 18. Nd3 Rb8 19. b4 Bb7 20. Be3 g5 21. Rab1
Kd7 22. b5 f4 23. Bf2 Ng6 24. Rfd1 Bf6 25. Nb4 Ne7 26. bxc6+ Nxc6 27. Bxe6+
Kxe6 28. d5+ Kxe5 29. dxc6 Bc8 30. Bd4+ 1-0

[Event "22.Deutsche Senioreneinzelmeisterschaft"]
[Site "Berlin-Spandau"]
[Date "2010.08.18"]
[Round "3.27"]
[White "Bachmann, Rolf"]
[Black "Burger, Heinrich"]
[Result "1/2-1/2"]
[WhiteElo "1880"]
[BlackElo "2115"]
[PlyCount "110"]
[EventDate "2010.08.??"]
[EventType "swiss"]
[EventRounds "9"]
[EventCountry "GER"]
[WhiteTeam "SVigung Hamm"]
[BlackTeam "VfB Hermsdorf e.V."]

1. c4 e5 2. Nc3 Nc6 3. g3 g6 4. Bg2 Bg7 5. d3 d6 6. e3 Nge7 7. Nge2 O-O 8. O-O
Be6 9. Nd5 Qd7 10. Rb1 Nc8 11. b4 Nd8 12. b5 a6 13. a4 axb5 14. axb5 c6 15.
bxc6 bxc6 16. Ndc3 f5 17. Qc2 d5 18. cxd5 cxd5 19. Rd1 Ne7 20. d4 e4 21. Rb3
Nb7 22. Ba3 Rfc8 23. Bxe7 Qxe7 24. Qb1 Na5 25. Rb5 Qd7 26. Na4 Nc4 27. Nc5 Qe8
28. Nxe6 Qxe6 29. Nf4 Qe8 30. Rxd5 Qa4 31. Rc1 Rcb8 32. Qc2 Qxc2 33. Rxc2 Rb1+
34. Bf1 Nb6 35. Rb5 Raa1 36. Rxb1 Rxb1 37. Kg2 g5 38. Ne6 Bf6 39. Nc5 Kg7 40.
g4 Kg6 41. gxf5+ Kxf5 42. h3 h5 43. Be2 g4 44. hxg4+ hxg4 45. Bc4 Nxc4 46. Rxc4
Rb2 47. d5 Ke5 48. Rd4 Bg5 49. Kf1 Rb1+ 50. Kg2 Rb2 51. Kg3 Re2 52. Kxg4 Bxe3
53. Rxe4+ Kxd5 54. Kf3 Rxf2+ 55. Kxe3 Rh2 1/2-1/2

[Event "22.Deutsche Senioreneinzelmeisterschaft"]
[Site "Berlin-Spandau"]
[Date "2010.08.18"]
[Round "3.28"]
[White "Dushatskiy, Fedor"]
[Black "Lomer, Edmund"]
[Result "1-0"]
[WhiteElo "2097"]
[BlackElo "1899"]
[PlyCount "65"]
[EventDate "2010.08.??"]
[EventType "swiss"]
[EventRounds "9"]
[EventCountry "GER"]
[WhiteTeam "SV Hockenheim"]
[BlackTeam "Eckernfoerder SC von 1921"]

1. d4 Nf6 2. Nf3 d5 3. c4 c6 4. Nc3 g6 5. e3 Bg7 6. Bd3 O-O 7. O-O Bg4 8. h3
Bxf3 9. Qxf3 dxc4 10. Bxc4 Nbd7 11. Bb3 e5 12. Rd1 exd4 13. exd4 Qa5 14. Bf4
Rad8 15. d5 cxd5 16. Nxd5 Nxd5 17. Rxd5 Qb6 18. Rad1 Nf6 19. Be3 Qc7 20. Rxd8
Rxd8 21. Rxd8+ Qxd8 22. Qxb7 Qd7 23. Qa8+ Qe8 24. Qxa7 Ne4 25. Ba4 Qd8 26. b4
Nc3 27. Bb3 Qe8 28. a4 Be5 29. b5 Bb8 30. Bxf7+ Qxf7 31. Qxb8+ Qf8 32. Qxf8+
Kxf8 33. b6 1-0

[Event "22.Deutsche Senioreneinzelmeisterschaft"]
[Site "Berlin-Spandau"]
[Date "2010.08.18"]
[Round "3.29"]
[White "Vossen, Leo"]
[Black "Ljuboschiz, Alexander"]
[Result "0-1"]
[WhiteElo "1874"]
[BlackElo "2088"]
[PlyCount "74"]
[EventDate "2010.08.??"]
[EventType "swiss"]
[EventRounds "9"]
[EventCountry "GER"]
[WhiteTeam "SF Erkelenz 1959 e.V."]
[BlackTeam "SF Brueck-Rath-Heumar"]

1. e4 g6 2. d4 Bg7 3. c4 d6 4. Nc3 Nf6 5. Nf3 O-O 6. Be2 Nbd7 7. O-O e5 8. Be3
Ng4 9. Bg5 f6 10. Bh4 c6 11. h3 Nh6 12. Qc2 Qe7 13. Rad1 Nf7 14. b4 h5 15. d5
c5 16. a3 Nh6 17. Ne1 g5 18. Bg3 h4 19. Bh2 f5 20. exf5 Nxf5 21. Bg4 Nd4 22.
Qg6 Nf6 23. Qxg5 Bxg4 24. hxg4 Nxd5 25. Qxe7 Nxe7 26. bxc5 dxc5 27. Ne4 b6 28.
Nd3 Nec6 29. Rfe1 Nc2 30. Re2 Nxa3 31. Nd6 Rad8 32. Nxe5 Nxe5 33. Bxe5 Nxc4 34.
Nxc4 Rxd1+ 35. Kh2 Re8 36. f4 b5 37. Ne3 Bxe5 0-1

[Event "22.Deutsche Senioreneinzelmeisterschaft"]
[Site "Berlin-Spandau"]
[Date "2010.08.18"]
[Round "3.30"]
[White "Trnovec, Mihaly"]
[Black "Fronczek, Heinrich"]
[Result "1/2-1/2"]
[WhiteElo "1866"]
[BlackElo "2080"]
[PlyCount "139"]
[EventDate "2010.08.??"]
[EventType "swiss"]
[EventRounds "9"]
[EventCountry "GER"]
[WhiteTeam "SC Haar 1931"]
[BlackTeam "SV Calw"]

1. e4 c5 2. Nc3 e6 3. Bc4 a6 4. a3 b5 5. Ba2 Bb7 6. d3 Nf6 7. Qe2 Nc6 8. Nf3
Nd4 9. Nxd4 cxd4 10. Nd1 Rc8 11. O-O d5 12. e5 Nd7 13. f4 g6 14. b4 a5 15. Bb2
axb4 16. axb4 Qb6 17. Qf2 Bxb4 18. Bxd4 Bc5 19. Bxc5 Rxc5 20. d4 Rc7 21. Bb3
O-O 22. Nb2 b4 23. Na4 Qb5 24. Nb2 Qb6 25. Na4 Qc6 26. Qd2 Ba6 27. Rfd1 Rb8 28.
Nb2 Qb7 29. h3 Bc4 30. Ba4 b3 31. cxb3 Bxb3 32. Bxb3 Qxb3 33. Nd3 Rc2 34. Qe1
Qc4 35. Qe3 Nf8 36. Rac1 Rb3 37. Rxc2 Qxc2 38. Qd2 Qc4 39. Nc5 Rc3 40. Qe1 Rc2
41. Qf1 Qa2 42. Qf3 Qb2 43. Na4 Qb4 44. Nc5 Qb2 45. Na4 Qb5 46. Nc5 Nd7 47.
Nxd7 Qxd7 48. Qb3 Qc7 49. Qa3 Qb6 50. Kh1 h5 51. Kg1 Rc4 52. Qe3 Qb2 53. Qf2
Rc2 54. Qg3 Re2 55. Qg5 Re4 56. Qd8+ Kh7 57. Qf6 Qb7 58. Kh2 Qd7 59. Rb1 Qe8
60. Rb4 Kg8 61. h4 Qf8 62. Ra4 Re2 63. Kg3 Rc2 64. Kf3 Rc4 65. Ra7 Rxd4 66. Rd7
Qa3+ 67. Kf2 Rd2+ 68. Kg1 Qe3+ 69. Kh2 Rxg2+ 70. Kxg2 1/2-1/2

[Event "22.Deutsche Senioreneinzelmeisterschaft"]
[Site "Berlin-Spandau"]
[Date "2010.08.18"]
[Round "3.31"]
[White "Bonke, Hans-Juergen"]
[Black "Lang, Ferdinand"]
[Result "1/2-1/2"]
[WhiteElo "1858"]
[BlackElo "2071"]
[PlyCount "47"]
[EventDate "2010.08.??"]
[EventType "swiss"]
[EventRounds "9"]
[EventCountry "GER"]

1. d4 Nf6 2. Nf3 g6 3. Bf4 Bg7 4. h3 O-O 5. e3 d6 6. Nbd2 b6 7. Be2 Bb7 8. O-O
c5 9. c3 Nbd7 10. Bh2 Re8 11. Rc1 a6 12. a3 e5 13. Nc4 Bxf3 14. Bxf3 e4 15. Be2
d5 16. Ne5 c4 17. b3 b5 18. a4 Bf8 19. f4 Qb6 20. bxc4 bxc4 21. Rb1 Qc7 22. f5
Bd6 23. fxg6 hxg6 24. Ng4 1/2-1/2

[Event "22.Deutsche Senioreneinzelmeisterschaft"]
[Site "Berlin-Spandau"]
[Date "2010.08.18"]
[Round "3.32"]
[White "Villing, Dieter"]
[Black "Hoppensack, Manfred"]
[Result "1-0"]
[WhiteElo "2070"]
[BlackElo "1888"]
[PlyCount "115"]
[EventDate "2010.08.??"]
[EventType "swiss"]
[EventRounds "9"]
[EventCountry "GER"]
[WhiteTeam "SK 1962 Ladenburg"]
[BlackTeam "SC Friesen Lichtenberg e.V."]

1. e4 e6 2. d4 d5 3. Nc3 Nf6 4. Bg5 dxe4 5. Nxe4 Nbd7 6. Nf3 h6 7. Bxf6 Nxf6 8.
Bd3 Bd6 9. Qe2 Nd5 10. O-O-O Nf4 11. Qf1 Nxd3+ 12. Qxd3 Bd7 13. Rhe1 O-O 14.
Ne5 Bc6 15. Nxc6 bxc6 16. Nxd6 cxd6 {=} 17. Qe4 Qb6 18. Rd3 Rab8 19. Rb3 Qa6
20. Kb1 Rb6 21. Rxb6 Qxb6 22. Re3 Qa6 23. Qd3 Qxd3 24. Rxd3 Rb8 25. Ra3 Rb7 26.
Ra6 Rc7 27. b4 Kf8 28. Kb2 Ke7 29. Kb3 Kd7 30. c4 Kc8 31. a4 Kb7 32. b5 f6 33.
f4 g5 34. fxg5 fxg5 35. a5 cxb5 36. cxb5 Rd7 37. Rc6 Rd8 38. g4 Rd7 39. h3 Rd8
40. Kb4 Rd7 41. a6+ Kb8 42. Ka5 e5 43. dxe5 dxe5 44. Re6 Rd3 45. Rxh6 e4 46.
Re6 e3 47. Kb4 Kc7 48. Kc4 Ra3 49. Kd4 Rb3 50. Rxe3 Rxb5 51. Re5 Rb6 52. Rxg5
Rxa6 53. Rg7+ Kd8 54. h4 Ke8 55. Rc7 Rg6 56. g5 a5 57. Ke5 a4 58. Ra7 1-0

[Event "22.Deutsche Senioreneinzelmeisterschaft"]
[Site "Berlin-Spandau"]
[Date "2010.08.18"]
[Round "3.33"]
[White "Baranowsky, Peter"]
[Black "Schulz, Wolfgang"]
[Result "0-1"]
[WhiteElo "1844"]
[BlackElo "2051"]
[PlyCount "130"]
[EventDate "2010.08.??"]
[EventType "swiss"]
[EventRounds "9"]
[EventCountry "GER"]

1. d4 Nf6 2. Nf3 g6 3. Nc3 d5 4. Bf4 Bg7 5. e3 O-O 6. Be2 c5 7. h4 Nc6 8. Ne5
cxd4 9. exd4 Qb6 10. Nxc6 bxc6 11. Na4 Qa5+ 12. c3 Nd7 13. b4 Qd8 14. Nc5 Nxc5
15. bxc5 Re8 16. Qa4 Bd7 17. h5 e5 18. Be3 f5 19. hxg6 hxg6 20. dxe5 Bxe5 21.
Bd4 Qf6 22. Rb1 Rab8 23. Rxb8 Rxb8 24. O-O Bxd4 25. cxd4 Re8 26. Bf3 Re7 27.
Qxa7 Qxd4 28. Rd1 Qh4 29. Qb8+ Kf7 30. g3 Qf6 31. a4 f4 32. Qxf4 Qxf4 33. gxf4
Bf5 34. Ra1 Bd3 35. a5 Kf6 36. Kg2 Bb5 37. Kg3 Kf5 38. Bg2 Ra7 39. f3 Kf6 40.
Bh3 Bd3 41. Kf2 Ba6 42. Ke3 Rb7 43. Bf1 Bxf1 44. Rxf1 Rb3+ 45. Kd4 Ra3 46. Rb1
Ra4+ 47. Ke3 Rxa5 48. Rc1 Kf5 49. Rc3 Ra4 50. Rc2 Rxf4 51. Rc1 Rc4 52. Rxc4
dxc4 53. Kd4 Kf4 54. Kxc4 Kxf3 55. Kd4 g5 56. Ke5 g4 57. Kd6 g3 58. Kxc6 g2 59.
Kb7 g1=Q 60. c6 Qb1+ 61. Kc8 Qf5+ 62. Kd8 Qd5+ 63. Kc7 Kf4 64. Kb6 Ke4 65. c7
Qa8 0-1

[Event "22.Deutsche Senioreneinzelmeisterschaft"]
[Site "Berlin-Spandau"]
[Date "2010.08.18"]
[Round "3.34"]
[White "Daeubler, Heinrich"]
[Black "Oppermann, Peter"]
[Result "1-0"]
[WhiteElo "2046"]
[BlackElo "1867"]
[PlyCount "99"]
[EventDate "2010.08.??"]
[EventType "swiss"]
[EventRounds "9"]
[EventCountry "GER"]
[WhiteTeam "SC Haselmuehl"]
[BlackTeam "SK Tempelhof 1931 e.V."]

1. d4 Nf6 2. c4 e6 3. Nf3 b6 4. g3 Bb7 5. Bg2 Bb4+ 6. Nbd2 O-O 7. O-O d5 8. Ne5
Nbd7 9. Ndf3 Rc8 10. c5 bxc5 11. a3 Ba5 12. dxc5 Nxe5 13. Nxe5 c6 14. Bg5 Bc7
15. Ng4 h5 16. Nxf6+ gxf6 17. Bh6 Re8 18. e4 dxe4 19. Qxh5 f5 20. Bxe4 Qf6 21.
Bd3 Be5 22. Bg5 Qg7 23. Qh4 f6 24. Be3 Rb8 25. Rab1 Red8 26. Bc4 Bc8 27. Rfd1
Rxd1+ 28. Rxd1 Bd7 29. Bf4 Re8 30. Bxe5 fxe5 31. Rd6 Kf8 32. Qh5 Re7 33. Qd1 f4
34. Qd3 Qf7 35. Qe4 Qf5 36. Qxf5+ exf5 37. gxf4 exf4 38. Kg2 Be8 39. Rf6+ Kg7
40. Re6 Rxe6 41. Bxe6 Kf6 42. Bc4 a5 43. Be2 Ke5 44. h4 Kd4 45. h5 Kxc5 46. h6
Bg6 47. Bh5 Bh7 48. Kf3 Kd6 49. Kxf4 Ke6 50. Kg5 1-0

[Event "22.Deutsche Senioreneinzelmeisterschaft"]
[Site "Berlin-Spandau"]
[Date "2010.08.18"]
[Round "3.35"]
[White "Prill, Gerhard"]
[Black "Kievelitz, Bernd"]
[Result "1/2-1/2"]
[WhiteElo "2044"]
[BlackElo "1859"]
[PlyCount "67"]
[EventDate "2010.08.??"]
[EventType "swiss"]
[EventRounds "9"]
[EventCountry "GER"]
[WhiteTeam "SC Heitersheim"]
[BlackTeam "SC Zitadelle Spandau 1977 e.V."]

1. e4 c5 2. Nf3 e6 3. c4 a6 4. d4 cxd4 5. Nxd4 Nf6 6. Nc3 Qc7 7. a3 d6 8. Be2
g6 9. Be3 Bg7 10. Rc1 Nbd7 11. O-O O-O 12. f3 b6 13. Qd2 Bb7 14. Rfd1 Rfd8 15.
Bf1 Rac8 16. Qf2 Qb8 17. Nb3 Nc5 18. Nd2 d5 19. exd5 exd5 20. cxd5 Nxd5 21.
Nxd5 Rxd5 22. Nc4 Nb3 23. Rb1 b5 24. Nb6 Rxd1 25. Rxd1 Re8 26. Rd3 Na5 27. Nd7
Qc8 28. b3 Nc6 29. Kh1 Ne5 30. Nxe5 Bxe5 31. Qd2 Qe6 32. Bh6 Bg7 33. Re3 Qc8
34. Bxg7 1/2-1/2

[Event "22.Deutsche Senioreneinzelmeisterschaft"]
[Site "Berlin-Spandau"]
[Date "2010.08.18"]
[Round "3.36"]
[White "Reinemann, Guenter"]
[Black "Zschaebitz, Klaus"]
[Result "0-1"]
[WhiteElo "1819"]
[BlackElo "2040"]
[PlyCount "92"]
[EventDate "2010.08.??"]
[EventType "swiss"]
[EventRounds "9"]
[EventCountry "GER"]

1. e4 e6 2. Ne2 d5 3. exd5 exd5 4. Ng3 Bd6 5. d4 Nf6 6. Bd3 Qe7+ 7. Qe2 Qxe2+
8. Nxe2 Nc6 9. c3 O-O 10. O-O Re8 11. Bg5 Ne4 12. Bf4 Bd7 13. Bxd6 Nxd6 14. Nf4
Ne7 15. Nd2 c6 16. Rfe1 Bf5 17. Bxf5 Nexf5 18. Kf1 Kf8 19. Nd3 f6 20. Nc5 Kf7
21. h3 b6 22. Nd3 g5 23. Rxe8 Rxe8 24. Re1 Ne4 25. Nf3 a5 26. Rc1 c5 27. b3 h5
28. dxc5 bxc5 29. Rc2 g4 30. Nd2 gxh3 31. gxh3 Nxd2+ 32. Rxd2 d4 33. Nxc5 dxc3
34. Rc2 Rd8 35. Rxc3 Rd1+ 36. Kg2 Nh4+ 37. Kg3 Ng6 38. h4 Rg1+ 39. Kh2 Rg4 40.
Rc4 Nf4 41. Nb7 Rg2+ 42. Kh1 Rxf2 43. Ra4 Nd3 44. Rxa5 Ne5 45. Nd6+ Kg6 46. Ra8
Nf3 0-1

[Event "22.Deutsche Senioreneinzelmeisterschaft"]
[Site "Berlin-Spandau"]
[Date "2010.08.18"]
[Round "3.37"]
[White "Hanisch, Friedrich"]
[Black "Reer, Erdmann"]
[Result "1-0"]
[WhiteElo "2035"]
[BlackElo "1846"]
[PlyCount "94"]
[EventDate "2010.08.??"]
[EventType "swiss"]
[EventRounds "9"]
[EventCountry "GER"]
[WhiteTeam "SV Lauf a.d.P."]
[BlackTeam "Coburger SV v. 1872 e.V."]

1. d4 d5 2. Nf3 Nf6 3. e3 c6 4. c4 e6 5. Nc3 Be7 6. Bd3 Nbd7 7. O-O O-O 8. Qc2
g6 9. a3 b6 10. e4 dxe4 11. Nxe4 Nxe4 12. Bxe4 Bb7 13. b4 Nf6 14. Bd3 c5 15.
dxc5 Bxf3 16. gxf3 bxc5 17. b5 Qc7 18. Be4 Nxe4 19. Qxe4 Bf6 20. Bf4 Qb6 21.
Rad1 Rad8 22. Be5 Bxe5 23. Qxe5 f6 24. Qe4 Rd6 25. Rxd6 Qxd6 26. a4 Rd8 27. a5
Kf7 28. Rb1 Qd3 29. b6 Qxe4 30. fxe4 axb6 31. Rxb6 Ra8 32. a6 Ke7 33. Kg2 g5
34. Kg3 h5 35. f4 Kd7 36. Kf3 Ra7 37. h3 Rc7 38. e5 g4+ 39. hxg4 hxg4+ 40. Kxg4
fxe5 41. fxe5 Rc8 42. Kg5 Rg8+ 43. Kf6 Rf8+ 44. Kg7 Rf1 45. Rb7+ Kc6 46. Rf7
Ra1 47. a7 Ra6 1-0

[Event "22.Deutsche Senioreneinzelmeisterschaft"]
[Site "Berlin-Spandau"]
[Date "2010.08.18"]
[Round "3.38"]
[White "Khodjabagyan, Seyran"]
[Black "Hoffmann, Peter"]
[Result "1-0"]
[WhiteElo "2029"]
[BlackElo "1838"]
[PlyCount "65"]
[EventDate "2010.08.??"]
[EventType "swiss"]
[EventRounds "9"]
[EventCountry "GER"]

1. e4 c5 2. Nf3 e6 3. d4 cxd4 4. Nxd4 a6 5. Nc3 Qc7 6. Bd3 Nc6 7. Be3 Nf6 8.
O-O Bd6 9. Nxc6 Bxh2+ 10. Kh1 bxc6 11. f4 h5 12. e5 Ng4 13. Bc5 Bg3 14. Ne4 d6
15. exd6 Qd8 16. d7+ Kxd7 17. Be2+ Kc7 18. Qxd8+ Rxd8 19. Nxg3 Rd5 20. b4 Nf6
21. Bf3 Rd2 22. Rf2 Rxf2 23. Bxf2 Bd7 24. c4 Rh8 25. Bd4 h4 26. Ne4 Ne8 27.
Be5+ Kc8 28. Nc5 f6 29. Nxd7 Kxd7 30. Rd1+ Kc8 31. Bd6 Kb7 32. b5 axb5 33. cxb5
1-0

[Event "22.Deutsche Senioreneinzelmeisterschaft"]
[Site "Berlin-Spandau"]
[Date "2010.08.18"]
[Round "3.39"]
[White "Skorna, Ullrich"]
[Black "Juergens, Peter"]
[Result "1-0"]
[WhiteElo "2014"]
[BlackElo "1837"]
[PlyCount "77"]
[EventDate "2010.08.??"]
[EventType "swiss"]
[EventRounds "9"]
[EventCountry "GER"]
[WhiteTeam "Forster SC 95"]
[BlackTeam "SC Tempo Goettingen"]

1. e4 e6 2. d4 d5 3. Nc3 Bb4 4. e5 c5 5. Bd2 Ne7 6. Nb5 Bxd2+ 7. Qxd2 O-O 8. f4
cxd4 9. Nf3 Nbc6 10. Bd3 Qb6 11. O-O-O f6 12. Nbxd4 Nxd4 13. Nxd4 Nc6 14. Nf3
Bd7 15. Kb1 fxe5 16. fxe5 Nb4 17. a3 Nxd3 18. Qxd3 Be8 19. Qd4 Qa6 20. Qg4 Bg6
21. Nd4 Bf5 22. Nxf5 Rxf5 23. Rxd5 Raf8 24. Rd7 g6 25. Qb4 Rxe5 26. Rhd1 Rd5
27. R7xd5 exd5 28. Rxd5 Qf1+ 29. Ka2 Qxg2 30. Qb3 Qf3 31. Qxb7 Rf7 32. Rd8+ Kg7
33. Qxf3 Rxf3 34. Rd7+ Rf7 35. Rxf7+ Kxf7 36. Kb1 Kf6 37. Kc1 Kf5 38. Kd2 Kf4
39. c4 1-0

[Event "22.Deutsche Senioreneinzelmeisterschaft"]
[Site "Berlin-Spandau"]
[Date "2010.08.18"]
[Round "3.40"]
[White "Jacob, Helmut"]
[Black "Richtarsky, Lothar"]
[Result "1-0"]
[WhiteElo "2009"]
[BlackElo "1825"]
[PlyCount "101"]
[EventDate "2010.08.??"]
[EventType "swiss"]
[EventRounds "9"]
[EventCountry "GER"]
[WhiteTeam "SK Ochtrup 61 e.V."]
[BlackTeam "SC Koenigsspringer Hagen/Wetter"]

1. e4 c5 2. c3 e5 3. Bc4 Nf6 4. Qe2 Nc6 5. Nf3 d6 6. Ng5 Be6 7. Nxe6 fxe6 8.
Bxe6 d5 9. d3 Qd6 10. Bh3 Be7 11. O-O dxe4 12. dxe4 Rd8 13. Na3 O-O 14. Bg5 a6
15. Rad1 Qc7 16. Nc2 b5 17. Be6+ Kh8 18. Bxf6 Rxf6 19. Bd5 c4 20. Ne3 Nb8 21.
Nf5 Bc5 22. Kh1 Nd7 23. b3 cxb3 24. axb3 Nb6 25. Ne3 Rdf8 26. f3 h5 27. Rd3 g6
28. Rfd1 Qa7 29. b4 Be7 30. Ra1 Rc8 31. Qd2 Kg7 32. Bb3 Rc7 33. Qa2 Rd6 34. Bd5
Nxd5 35. Nxd5 Rc4 36. Rad1 Bg5 37. Ra1 Qb7 38. Qf2 Qd7 39. Rad1 Qc6 40. h4 Bd8
41. Qg3 Bf6 42. Nxf6 Rxd3 43. Nxh5+ Kf7 44. Rxd3 Rxc3 45. Nf4 exf4 46. Qxf4+
Ke6 47. Qg4+ Ke7 48. Qg5+ Kf7 49. Rd1 Rc4 50. h5 Rxb4 51. hxg6+ 1-0

[Event "22.Deutsche Senioreneinzelmeisterschaft"]
[Site "Berlin-Spandau"]
[Date "2010.08.18"]
[Round "3.41"]
[White "Bischof, Rainer"]
[Black "Beckel, Friedrich"]
[Result "0-1"]
[WhiteElo "1809"]
[BlackElo "2000"]
[PlyCount "106"]
[EventDate "2010.08.??"]
[EventType "swiss"]
[EventRounds "9"]
[EventCountry "GER"]
[WhiteTeam "ESV Grossenbaum e.V. 1973"]
[BlackTeam "SC Leipzig-Gohlis"]

1. e4 c5 2. d3 Nc6 3. g3 d5 4. Nd2 Nf6 5. Bg2 Bg4 6. f3 Bd7 7. exd5 Nxd5 8. Nc4
b5 9. Ne3 Nf6 10. Ne2 e5 11. O-O Rc8 12. f4 exf4 13. Nxf4 Bd6 14. Nfd5 Be5 15.
Nxf6+ Bxf6 16. Nd5 Bd4+ 17. Kh1 O-O 18. c3 Be5 19. Be3 Ne7 20. Qh5 Nxd5 21.
Bxd5 Bf6 22. d4 g6 23. Qf3 cxd4 24. Bxd4 Bxd4 25. cxd4 Kg7 26. Qb3 Bh3 27. Rf2
Qc7 28. Bg2 Bxg2+ 29. Kxg2 Qc4 30. Qxc4 Rxc4 31. Rd1 Rd8 32. Rfd2 Rd5 33. b3
Rc7 34. Kf3 f5 35. Ke3 b4 36. Rd3 Kf6 37. R1d2 Re7+ 38. Kf3 Re4 39. Rc2 Rexd4
40. Rxd4 Rxd4 41. Rc7 Rd2 42. h4 Rxa2 43. Rxh7 Ke5 44. Rg7 Ra3 45. Rxg6 Rxb3+
46. Kg2 a5 47. Ra6 Rd3 48. Rxa5+ Rd5 49. Ra1 b3 50. Rb1 Rd2+ 51. Kh3 b2 52. h5
Kf6 53. g4 f4 0-1

[Event "22.Deutsche Senioreneinzelmeisterschaft"]
[Site "Berlin-Spandau"]
[Date "2010.08.18"]
[Round "3.42"]
[White "Troeger, Rainer"]
[Black "Mayer, Herbert"]
[Result "1/2-1/2"]
[WhiteElo "1999"]
[BlackElo "1823"]
[PlyCount "84"]
[EventDate "2010.08.??"]
[EventType "swiss"]
[EventRounds "9"]
[EventCountry "GER"]
[WhiteTeam "Ludwigsfelder SC 54"]
[BlackTeam "SC Rochade e.V."]

1. Nf3 Nf6 2. g3 g6 3. d3 d5 4. Nbd2 Bg7 5. e4 dxe4 6. dxe4 O-O 7. Bg2 Bg4 8.
h3 Bxf3 9. Bxf3 c6 10. O-O Nfd7 11. Qe2 Na6 12. Bg2 e5 13. Nc4 Nb6 14. Rd1 Qe7
15. Be3 Nxc4 16. Qxc4 Rfd8 17. c3 Nc7 18. Bf3 Qf6 19. Kg2 b6 20. h4 Qe6 21. Qa4
Rxd1 22. Rxd1 Bf8 23. Be2 b5 24. Qa5 Qc8 25. c4 a6 26. a4 Ne6 27. Qc3 bxa4 28.
c5 Rb8 29. Bg4 Nf4+ 30. Kf3 Ne6 31. h5 f5 32. exf5 gxf5 33. Bh3 Qe8 34. Kg2 Bg7
35. Qc4 Qf7 36. Qxa4 Nd4 37. Bxd4 Qd5+ 38. Kh2 exd4 39. Qc2 f4 40. gxf4 Qxh5
41. Qc4+ Kf8 42. Rd2 Qf3 1/2-1/2

[Event "22.Deutsche Senioreneinzelmeisterschaft"]
[Site "Berlin-Spandau"]
[Date "2010.08.18"]
[Round "3.43"]
[White "Gramse, Hartmut"]
[Black "Alder, Bodo"]
[Result "1-0"]
[WhiteElo "1811"]
[BlackElo "1998"]
[PlyCount "62"]
[EventDate "2010.08.??"]
[EventType "swiss"]
[EventRounds "9"]
[EventCountry "GER"]
[WhiteTeam "SF Markgraeflerland"]
[BlackTeam "SG  Wedding e.V."]

1. e4 c5 2. c3 a6 3. d4 cxd4 4. cxd4 d6 5. Nc3 g6 6. Nf3 Bg7 7. Be3 Nf6 8. h3
Nc6 9. Bd3 O-O 10. O-O h6 11. Rc1 Kh7 12. a3 Nd7 13. b4 e5 14. d5 Ne7 15. g4 f5
16. exf5 gxf5 17. gxf5 Nf6 18. Nh4 Qe8 19. Kh2 e4 20. Nxe4 Nxe4 21. Bxe4 Nxf5
22. Qg4 Qe5+ 23. Kh1 Kg8 24. Nxf5 Bxf5 25. Bxf5 Rxf5 26. Bxh6 Qxd5+ 27. f3 Rf7
28. Rg1 Qe5 29. Bxg7 Rxg7 30. Qxg7+ Qxg7 31. Rxg7+ Kxg7 1-0

[Event "22.Deutsche Senioreneinzelmeisterschaft"]
[Site "Berlin-Spandau"]
[Date "2010.08.18"]
[Round "3.44"]
[White "Thielemann, Joachim"]
[Black "Thieme, Hans"]
[Result "0-1"]
[WhiteElo "1744"]
[BlackElo "1996"]
[PlyCount "96"]
[EventDate "2010.08.??"]
[EventType "swiss"]
[EventRounds "9"]
[EventCountry "GER"]
[WhiteTeam "SG Turm Kiel von 1910"]
[BlackTeam "Sfr. Frankfurt 1921"]

1. e4 c5 2. Nc3 Nc6 3. g3 Rb8 4. Bg2 b5 5. a3 Nf6 6. d3 e6 7. Bf4 d6 8. Qd2 Be7
9. Nge2 O-O 10. O-O Qb6 11. h3 Bb7 12. Be3 Nd4 13. b4 Nxe2+ 14. Qxe2 Qc6 15.
bxc5 dxc5 16. Rfb1 a6 17. f4 Qc7 18. Qf2 Rbc8 19. g4 Nd7 20. Ne2 Nb6 21. g5 f6
22. Qg3 c4 23. gxf6 Rxf6 24. Qf2 Nd7 25. d4 Rcf8 26. Kh1 Rg6 27. c3 Qd8 28. Rg1
Rf7 29. d5 exd5 30. exd5 Ne5 31. Be4 Rh6 32. Qh2 Bxd5 33. Bxd5 Qxd5+ 34. Rg2
Nf3 35. Qg3 Rg6 36. Qf2 Nh4 37. Rag1 Nxg2 38. Rxg2 Qxg2+ 39. Qxg2 Rxg2 40. Kxg2
Bxa3 41. Bd4 a5 42. Bb6 b4 43. Bc5 Rc7 44. cxb4 Bxb4 45. Be3 a4 46. Nc1 Rd7 47.
Kf3 Bd2 48. Ke2 Bxe3 0-1

[Event "22.Deutsche Senioreneinzelmeisterschaft"]
[Site "Berlin-Spandau"]
[Date "2010.08.18"]
[Round "3.45"]
[White "Brauer, Christian"]
[Black "Bilyavskyy, Borys"]
[Result "1/2-1/2"]
[WhiteElo "1994"]
[BlackElo "1816"]
[PlyCount "130"]
[EventDate "2010.08.??"]
[EventType "swiss"]
[EventRounds "9"]
[EventCountry "GER"]
[WhiteTeam "Spielver. Ebersbach/SA."]
[BlackTeam "FC Ergolding 1932 e.V."]

1. c4 e5 2. g3 Nf6 3. Bg2 Nc6 4. Nc3 Bc5 5. e3 O-O 6. a3 a5 7. Nge2 Ba7 8. O-O
d6 9. d3 Be6 10. Nd5 Bxd5 11. cxd5 Ne7 12. Nc3 c6 13. dxc6 bxc6 14. b4 axb4 15.
axb4 d5 16. Na4 Bb8 17. Bd2 Bd6 18. Qc2 Qc7 19. Rfc1 Ra7 20. Ra2 Rfa8 21. Rca1
Qb8 22. Nc5 Qb6 23. d4 h6 24. Bc3 e4 25. Bf1 Rxa2 26. Rxa2 Ra7 27. Ra5 Qb8 28.
Qa2 Nc8 29. Bh3 Rxa5 30. bxa5 Na7 31. Bf1 h5 32. a6 h4 33. gxh4 Bxh2+ 34. Kh1
Ng4 35. Bg2 Bd6 36. Bh3 Nf6 37. Qb3 Nb5 38. Nb7 Bc7 39. Bb4 Qa7 40. Qa2 Bb6 41.
Bc5 Nc7 42. Qb2 Na8 43. Bf1 Nd7 44. Bd6 Bc7 45. Bxc7 Nxc7 46. Nc5 Nb6 47. f3
exf3 48. Qf2 Ne6 49. Nxe6 fxe6 50. Qxf3 Nc4 51. Bxc4 dxc4 52. Qxc6 Qf7 53. Qa8+
Kh7 54. Qe4+ Kh8 55. Kg2 c3 56. Qc2 Qc7 57. e4 Qb6 58. Qxc3 Qxa6 59. Qc2 Kg8
60. d5 exd5 61. exd5 Qh6 62. Qc8+ Kf7 63. Qd7+ Kf8 64. Qd8+ Kf7 65. Qd7+ Kf8
1/2-1/2

[Event "22.Deutsche Senioreneinzelmeisterschaft"]
[Site "Berlin-Spandau"]
[Date "2010.08.18"]
[Round "3.46"]
[White "Ophoff, Rigobert"]
[Black "Just, Joachim"]
[Result "1/2-1/2"]
[WhiteElo "1806"]
[BlackElo "1982"]
[PlyCount "31"]
[EventDate "2010.08.??"]
[EventType "swiss"]
[EventRounds "9"]
[EventCountry "GER"]

1. c4 e5 2. Nc3 Nf6 3. g3 c6 4. Bg2 Be7 5. d4 d6 6. e4 exd4 7. Qxd4 Qb6 8. Nge2
Be6 9. b3 Nbd7 10. O-O Ne5 11. Rd1 Bg4 12. Qxb6 axb6 13. Be3 Nfd7 14. h3 Bxe2
15. Nxe2 Nc5 16. Bxc5 1/2-1/2

[Event "22.Deutsche Senioreneinzelmeisterschaft"]
[Site "Berlin-Spandau"]
[Date "2010.08.18"]
[Round "3.47"]
[White "Fischer, Paul"]
[Black "Mueller, Waldemar"]
[Result "0-1"]
[WhiteElo "1713"]
[BlackElo "1976"]
[PlyCount "74"]
[EventDate "2010.08.??"]
[EventType "swiss"]
[EventRounds "9"]
[EventCountry "GER"]
[WhiteTeam "SF Drensteinfurt e.V."]
[BlackTeam "SV 1947 Walldorf"]

1. Nc3 d5 2. e4 d4 3. Nce2 e5 4. Ng3 Bd6 5. Bc4 Nc6 6. a3 Nf6 7. h3 O-O 8. d3
Na5 9. Ba2 c5 10. Nf3 h6 11. O-O Nc6 12. Nh4 Ne7 13. Nh5 Nh7 14. Nxg7 Kxg7 15.
Qh5 Ng8 16. Bxf7 Qf6 17. Bxg8 Rxg8 18. Nf5+ Bxf5 19. exf5 Rgf8 20. h4 Rae8 21.
g4 e4 22. dxe4 Rxe4 23. f3 Re2 24. g5 Qe5 25. f4 Qe4 26. Qf3 Qxf3 27. Rxf3 Rfe8
28. h5 Rxc2 29. f6+ Nxf6 30. gxf6+ Kxf6 31. Rf2 Re1+ 32. Rf1 Ree2 33. Rd1 Kf5
34. b4 Rg2+ 35. Kf1 Be7 36. bxc5 Bh4 37. Rxd4 Rcf2+ 0-1